Численный анализ потенциала энергосбережения технологий производства кабельных изделий; Известия вузов. Проблемы энергетики; № 7-8

Podrobná bibliografie
Parent link:Известия вузов. Проблемы энергетики.— , 1999-
№ 7-8.— 2012.— С. 72-79
Hlavní autor: Иванова Е. В. Евгения Владимировна
Další autoři: Стрижак П. А. Павел Александрович
Jazyk:ruština
Vydáno: 2012
Témata:
Médium: MixedMaterials Kapitola
KOHA link:https://koha.lib.tpu.ru/cgi-bin/koha/opac-detail.pl?biblionumber=534300

MARC

LEADER 00000naa2a2200000 4500
001 534300
005 20240222064832.0
035 |a (RuTPU)RU\TPU\prd\222586 
035 |a RU\TPU\prd\179007 
090 |a 534300 
100 |a 20140912a2012 k y0rusy50 ca 
101 0 |a rus 
102 |a RU 
200 1 |a Численный анализ потенциала энергосбережения технологий производства кабельных изделий  |f Е. В. Иванова, П. А. Стрижак 
320 |a Библиогр.: с. 79 (15 назв.) 
461 1 |0 (RuTPU)RU\TPU\prd\1181  |t Известия вузов. Проблемы энергетики  |d 1999- 
463 1 |0 (RuTPU)RU\TPU\prd\173697  |t № 7-8  |v С. 72-79  |d 2012 
610 1 |a труды учёных ТПУ 
700 1 |a Иванова  |b Е. В.  |c специалист в области автоматизации технологических процессов и производств  |c доцент Томского политехнического университета, кандидат физико-математических наук  |f 1984-  |g Евгения Владимировна  |3 (RuTPU)RU\TPU\pers\26453  |9 12156 
701 1 |a Стрижак  |b П. А.  |c специалист в области теплоэнергетики  |c профессор Томского политехнического университета, доктор физико-математических наук  |f 1985-  |g Павел Александрович  |x TPU  |y Томск  |3 (RuTPU)RU\TPU\pers\25983  |9 11832 
801 1 |a RU  |b 63413507  |c 20130527 
801 2 |a RU  |b 63413507  |c 20140912  |g RCR 
942 |c BK